| 000 | 00768cab a2200265 4500 | ||
|---|---|---|---|
| 001 | WB3324-12 | ||
| 008 | 090401t1997 xxu||||| |||| 00| 0 eng d | ||
| 035 | _a(Sirsi) u79011 | ||
| 041 | _aeng | ||
| 245 | _aUrge for greener homes | ||
| 260 | _c1997 | ||
| 350 | _a0 | ||
| 490 |
_aTimes _v16 June 1997, 10(1) |
||
| 520 | _aAccording to researchers, British homes are the most environmentally damaging in Europe, and a new approach is needed to help protect rural land. | ||
| 650 | _aDOMESTIC PROPERTY | ||
| 650 | _aENERGY EFFICIENCY | ||
| 650 | _aENERGY SAVING | ||
| 650 | _aENVIRONMENTAL DAMAGE | ||
| 650 | _aEUROPE | ||
| 650 | _aSUSTAINABLE HOUSING | ||
| 650 | _aUNITED KINGDOM | ||
| 690 |
_aEnvironment _96238 |
||
| 942 | _n0 | ||
| 948 | _c17/06/1997 | ||
| 999 |
_c49650 _d49650 |
||